000 00289nam a22001337a 4500
008 170918b xxu||||| |||| 00| 0 eng d
020 _a9780896600010
041 _aeng
080 _a7
100 _a44
101 _aART
245 _aAMERICAN IMPRESIONNISM
_cLOWEDI.A
942 _2udc
_cBK
999 _c27960
_d27960